| 000 | 00479nam a2200181Ia 4500 | ||
|---|---|---|---|
| 999 |
_c31163 _d31163 |
||
| 001 | 31041 | ||
| 003 | PK-LaUMT | ||
| 005 | 20220902153618.0 | ||
| 008 | 140416s9999 xx 000 0 und d | ||
| 040 | _cPK-LaUMT | ||
| 082 |
_aW 025.4028 _bPOL- |
||
| 110 | _aWorld Bank | ||
| 245 |
_aPolicy research working paper series Numbers 1936-1988 _babstracts _cWorld Bank |
||
| 260 |
_aWashington,USA: _bWorld Bank, _c1998 |
||
| 300 | _a23 p. | ||
| 546 | _aEN | ||
| 942 |
_cWEEDED OUT _2ddc |
||